000
00246nam a2200097Ia 4500
082
_a
EJF ROCK
245
0
_a
The one eyed giant
100
_a
Pierce, Tamora London, 2004
_9
68135
942
_c
BK
008
210817s9999 xx 000 0 und d
999
_c
220096
_d
220095